000 01240nmc a2200433 a 4500
003 AR-BaBNM
005 20251128205559.0
008 168019s1994 ||||||||||||||000 | spa||
020 _a84-7738-243-3
040 _cAR-BaBNM
100 1 _aGarcía Monerris, Encarnación
245 1 0 _aLa crisis del antigüo régimen y los absolutismos
260 _aMadrid
_bSíntesis
_c1994
300 _a159 p.
490 0 _aHistoria Universal: Contemporánea
_vv. 2
500 _aCronología p. 147-151
504 _aBibliografía p. 153-156
600 0 4 _aLuis
600 1 4 _aMontesquieu, Charles-Louis de Secondat
600 1 4 _aTurgot, Anne Robert Jacques
_d1727-1781
600 1 4 _aNecker, Jacques
650 4 _aTEORIA DEL ESTADO
650 4 _aPENSAMIENTO OCCIDENTAL
650 4 _aHISTORIA CONTEMPORANEA
650 4 _aFILOSOFIA POLITICA
650 4 _aSOCIOLOGIA POLITICA
650 4 _aECONOMIA
650 4 _aRACIONALISMO
650 4 _aLIBERALISMO
651 4 _aEuropa
653 _aILUMINISMO
653 _aILUSTRACION
653 _aABSOLUTISMO
700 1 _aSerna Alonso, Justo
800 1 _aPlácido, Domingo
_edirector
800 1 _aHernández Sandoica, Elena
_ecoordinador
942 _cBK
998 _cMariana
999 _c11983
_d11983